Bách Gia chư tử lược khảo /
Đã lưu trong:
| 主要作者: | |
|---|---|
| 格式: | Sách giấy |
| 語言: | Vietnamese |
| 出版: |
TP.HCM :
Hội nghiên cứu và giảng dạy văn học ,
1991
|
| 標簽: |
添加標簽
沒有標簽, 成為第一個標記此記錄!
|
| Thư viện lưu trữ: | Thư viện Trường Đại học Đà Lạt |
|---|
| LEADER | 00633nam a2200253 4500 | ||
|---|---|---|---|
| 001 | DLU020012393 | ||
| 005 | ##5/24/2000 | ||
| 020 | # | # | |a 978- |
| 041 | # | # | |a vie |
| 082 | # | # | |a 181.11 |b TR-M |
| 090 | # | # | |a 181.11 |b TR-M |
| 100 | # | # | |a Trần Văn Hải Minh |
| 245 | # | # | |a Bách Gia chư tử lược khảo / |c Trần Văn Hải Minh |
| 260 | # | # | |a TP.HCM : |b Hội nghiên cứu và giảng dạy văn học , |c 1991 |
| 300 | # | # | |a 646 tr.; |c 19 cm. |
| 992 | # | # | |a 21600 |
| 994 | # | # | |a DLU |
| 900 | # | # | |a False |
| 911 | # | # | |a Administrator |
| 925 | # | # | |a G |
| 926 | # | # | |a A |
| 927 | # | # | |a SH |
| 980 | # | # | |a Thư viện Trường Đại học Đà Lạt |